000 00333 a2200157 4500
001 75177
020 _a8599993046
040 _cAnchieta - Colégio São Paulo
100 _aChaves, Marlu
240 1 0 _aOs orixás:
_lpor
245 1 0 _aOs orixás:
300 _a16
362 0 _a2006
650 4 _aLiteratura infantil
942 _cBK
999 _c75177
_d75177